00903nam a2200217 a 450000100100000000500170001000800410002702000150006804000250008308200160010810000250012424500920014926000370024130000360027850000700031470000410038404900090042595201140043495201200054899900170066800001794620200929165305.0100407s2004 dr ac 000 0 spa d a9945851705 aDO-SdBNPbspacBNPHU axxxxbC957c1 aCruz, Cami B.93891710aCuando nuestras rosas se marchitaron :buna historia de amor y entrega /cCami B. Cruz. aSanto Domingo :bTriunfo,c2004. a163 p. :bil., retrs. ;c23 cm. aIncluye datos biográficos del autor en la solapa de la cubierta1 aRegús, José A.,edir. ed.917939 aBNPD 0010718PDaPDbPDcCTd2010-04-08iLF1l0oxxxx C957cp17946-10r2020-06-25w2020-06-25yLFPDZNo se presta 0010718PDaPDbPDcCTd2010-04-08iLF1l0oxxxx C957cp17946-20r2020-06-25te. 2w2020-06-25yLFPDZNo se presta c17470d17470